|
|
|
|
| LEADER |
00939nam a2200241 a 4500 |
| 001 |
GR-MES10434 |
| 008 |
060710s nyu b 001 0 gre d |
| 020 |
|
|
|a 047140053X
|
| 040 |
|
|
|a GrPaTEI
|b gre
|c GR-PaULI
|
| 040 |
|
|
|a GrPaTEI
|b gre
|c GR-PaULI
|
| 082 |
|
0 |
|a 332.092
|2 21
|
| 100 |
1 |
|
|a Means, Howard
|
| 245 |
1 |
0 |
|a Money and power :
|b The history of business /
|c Howard Means.
|
| 260 |
|
|
|a New York :
|b Wiley,
|c c2001
|
| 300 |
|
|
|a xiii
|a 274σ. :
|b εικ. ;
|c 24εκ.
|
| 504 |
|
|
|a Περιλαμβάνει βιβλιογραφίες και ευρετήριο.
|
| 650 |
|
0 |
|a Capitalism
|
| 650 |
|
0 |
|a Capitalists and financiers
|v Biography
|
| 650 |
|
4 |
|a Χρήμα
|
| 942 |
|
|
|2 ddc
|
| 952 |
|
|
|0 0
|1 0
|2 ddc
|4 0
|6 332_092000000000000_MEA
|7 0
|9 269901
|a MSLG
|b MSLG
|c BSC
|d 2021-01-17
|e 24
|f 0
|g 0.00
|l 0
|o 332.092 MEA
|p 2420000020051
|r 2021-01-17 00:00:00
|t 1
|w 2021-01-17
|y BK15
|x 20060710 0 1
|x GrPaTEI
|
| 971 |
|
|
|a .b25764810
|b 01-10-20
|c 13-09-16
|
| 999 |
|
|
|c 155824
|d 155824
|